00298nam a22001217a 450000500170000000800410001702000210005810000130007924500440009226000250013630000070016165000080016820260224134258.0260224b |||||||| |||| 00| 0 eng d a978-93-4787546-5 aBare Act aThe Protection of Human Rights Act 1993 aNew DelhibCLPc2026 a61 aLaw